书目信息 |
| 题名: |
郭沫若集
|
|
| 作者: | 郭沫若 著 ;王丽 编著 | |
| 分册: | ||
| 出版信息: | 太原 北岳文艺出版社 2016 |
|
| 页数: | 257页 | |
| 开本: | 21cm | |
| 丛书名: | 民国诗风 | |
| 单 册: | ||
| 中图分类: | I226.7 , I227.7 | |
| 科图分类: | ||
| 主题词: | 古体诗--gu ti shi--注释--中国--现代 , 古体诗--gu ti shi--注释--中国--当代 | |
| 电子资源: | ||
| ISBN: | 978-7-5378-4828-2 | |
| 000 | 01013nam0 22002891 450 | |
| 001 | 0127144026 | |
| 005 | 20170427144026.0 | |
| 010 | @a978-7-5378-4828-2@dCNY28.00 | |
| 100 | @a20161107d2016 em y0chiy50 ea | |
| 101 | 0 | @achi |
| 102 | @aCN@b140000 | |
| 105 | @ay z 000gy | |
| 106 | @ar | |
| 200 | 1 | @a郭沫若集@Aguo mo ruo ji@f郭沫若著@g王丽编著 |
| 210 | @a太原@c北岳文艺出版社@d2016 | |
| 215 | @a257页@d21cm | |
| 225 | 2 | @a民国诗风@Amin guo shi feng@e中国现代作家旧体诗丛@f李遇春主编 |
| 330 | @a本书收录了郭沫若的部分旧体诗词作品120首,包括《茶溪》、《舟中闻雁哭吴君耦逖》、《咏牡丹》、《归国杂吟之一》、《题山水画小帧》等。 | |
| 461 | 0 | @12001 @a民国诗风@e中国现代作家旧体诗丛@f李遇春主编 |
| 606 | 0 | @a古体诗@Agu ti shi@x注释@y中国@z现代 |
| 606 | 0 | @a古体诗@Agu ti shi@x注释@y中国@z当代 |
| 690 | @aI226.7@v5 | |
| 690 | @aI227.7@v5 | |
| 701 | 0 | @a郭沫若@Aguo mo ruo@f(1892~1978)@4著 |
| 702 | 0 | @a王丽@Awang li@4编著 |
| 801 | 0 | @aCN@bTANGWEI@c20170308 |
| 905 | @b0966111-4@dI226.7@e94@f4 | |
| 郭沫若集/郭沫若著/王丽编著.-太原:北岳文艺出版社,2016 |
| 257页;21cm.-(民国诗风:中国现代作家旧体诗丛/李遇春主编) |
| ISBN 978-7-5378-4828-2:CNY28.00 |
| 本书收录了郭沫若的部分旧体诗词作品120首,包括《茶溪》、《舟中闻雁哭吴君耦逖》、《咏牡丹》、《归国杂吟之一》、《题山水画小帧》等。 |
| ● |
| 相关链接 |
|
|
|
|
正题名:郭沫若集
索取号:I226.7/94
 
预约/预借
| 序号 | 登录号 | 条形码 | 馆藏地/架位号 | 状态 | 备注 |
| 1 | 0966111 | 209661114 | 第一样本阅览室/ [索取号:I226.7/94] | 在馆 | |
| 2 | 0966112 | 209661123 | 第二借阅区/ [索取号:I226.7/94] | 在馆 | |
| 3 | 0966113 | 209661132 | 第二借阅区/ [索取号:I226.7/94] | 在馆 | |
| 4 | 0966114 | 209661141 | 第二借阅区/ [索取号:I226.7/94] | 在馆 |